[Event "Reunion op 17th"]
[Site "St Denis"]
[Date "2015.10.10"]
[Round "8"]
[White "Duprey, Francois Xavier"]
[Black "Hoareau, Noe"]
[Result "1/2-1/2"]
[WhiteElo "1720"]
[BlackElo "1495"]
[PlyCount "107"]
[EventDate "2015.10.10"]
[EventType "swiss"]
[EventRounds "9"]
[EventCountry "RUF"]
[SourceTitle "CBM 168 Extra"]
[Source "ChessBase"]
[SourceDate "2015.10.29"]
[SourceVersion "1"]
[SourceVersionDate "2015.10.29"]
[SourceQuality "1"]

1. c4 e6 2. Nf3 d5 3. d4 Nf6 4. Nc3 Be7 5. g3 0-0 6. Bg2 Nbd7 7. c5 a6 8. a4 b6 9. b4 a5 10. c6 Bxb4 11. cxd7 Bxc3+ 12. Bd2 Bxd2+ 13. Qxd2 Bxd7 14. 0-0 Qe7 15. Rfc1 Rfc8 16. Ne5 Be8 17. Nc6 Qd6 18. Ne5 c5 19. e3 Rab8 20. Rcb1 c4 21. Qc2 Nd7 22. Nf3 Nf8 23. Nd2 Ng6 24. h4 Ne7 25. f4 Nc6 26. Nf3 f6 27. g4 Nb4 28. Qc3 Bg6 29. Rb2 Nd3 30. Rd2 Qb4 31. Ra3 Qxc3 32. Rxc3 b5 33. axb5 Rxb5 34. f5 exf5 35. Rdxd3 fxg4 36. Rd2 gxf3 37. Bxf3 Rcb8 38. Kf2 Rb2 39. Bxd5+ Bf7 40. Bxf7+ Kxf7 41. Rxb2 Rxb2+ 42. Kf3 Rb4 43. Ke4 Ke6 44. d5+ Kd6 45. Kd4 Rb1 46. e4 Rh1 47. Rxc4 Rxh4 48. Rc6+ Kd7 49. Ra6 f5 50. Kc5 Rxe4 51. Ra7+ Kc8 52. Rxg7 f4 53. Rxh7 a4 54. Rh8+ 1/2-1/2

[Event "Reunion op 16th"]
[Site "St Denis"]
[Date "2014.10.20"]
[Round "4"]
[White "Hoareau, Noe"]
[Black "Lacouture, Alexandre"]
[Result "1-0"]
[WhiteElo "1557"]
[BlackElo "1210"]
[PlyCount "71"]
[EventDate "2014.10.18"]
[EventType "swiss"]
[EventRounds "9"]
[EventCountry "RUF"]
[SourceTitle "EXT 2015"]
[Source "ChessBase"]
[SourceDate "2014.11.20"]
[SourceVersion "1"]
[SourceVersionDate "2014.11.20"]
[SourceQuality "1"]

1. e4 e5 2. Nf3 Nc6 3. d4 exd4 4. Bc4 Bc5 5. c3 dxc3 6. Bxf7+ Kxf7 7. Qd5+ Ke7 8. Qxc5+ d6 9. Qxc3 h6 10. Qxg7+ Ke8 11. Qxh8 Nce7 12. Bxh6 Kd7 13. Bg5 c5 14. Nc3 b6 15. Bxe7 Qxe7 16. Qxg8 Bb7 17. Qg4+ Kc7 18. 0-0 Qe8 19. Rfd1 Bc6 20. Qg7+ Bd7 21. e5 dxe5 22. Qxe5+ Qxe5 23. Nxe5 Bf5 24. Nd5+ Kb7 25. Nc4 Be6 26. Nce3 Rg8 27. Nf4 Bd7 28. Rxd7+ Kc6 29. Rxa7 Rf8 30. g3 Kb5 31. Rc1 Rc8 32. b4 Rd8 33. Rc4 Rc8 34. a4+ Kc6 35. Nf5 Rd8 36. b5# 1-0

[Event "Reunion op 16th"]
[Site "St Denis"]
[Date "2014.10.18"]
[Round "3"]
[White "Hoareau, Noe"]
[Black "Duprey, Francois Xavier"]
[Result "1-0"]
[WhiteElo "1557"]
[BlackElo "1764"]
[PlyCount "67"]
[EventDate "2014.10.18"]
[EventType "swiss"]
[EventRounds "9"]
[EventCountry "RUF"]
[SourceTitle "EXT 2015"]
[Source "ChessBase"]
[SourceDate "2014.11.20"]
[SourceVersion "1"]
[SourceVersionDate "2014.11.20"]
[SourceQuality "1"]

1. c4 e6 2. e4 c5 3. Nc3 a6 4. Nge2 Nc6 5. g3 Nf6 6. Bg2 Qc7 7. 0-0 h5 8. d3 h4 9. Nf4 Bd6 10. Nfe2 h3 11. Bh1 Ne7 12. f4 e5 13. f5 b6 14. Nd5 Nexd5 15. exd5 b5 16. b3 Bb7 17. Nc3 e4 18. Bf4 Bxf4 19. Rxf4 Qe5 20. Nxe4 0-0-0 21. Nxf6 Qxf6 22. cxb5 axb5 23. d4 d6 24. Rc1 Kb8 25. dxc5 dxc5 26. Rxc5 Qa6 27. Qd4 f6 28. a4 bxa4 29. Qxa4 Qe2 30. Qe4 Qd1+ 31. Rf1 Qxb3 32. Rb1 Qa3 33. Rxb7+ Kxb7 34. d6+ 1-0

[Event "FRA-ch U12"]
[Site "Montbeliard"]
[Date "2014.04.21"]
[Round "1"]
[White "Hoareau, Noe"]
[Black "Lagarde, Dimitri"]
[Result "0-1"]
[WhiteElo "1557"]
[BlackElo "1942"]
[PlyCount "82"]
[EventDate "2014.04.21"]
[EventType "swiss"]
[EventRounds "9"]
[EventCountry "FRA"]
[SourceTitle "CBM 160 Extra"]
[Source "ChessBase"]
[SourceDate "2014.07.01"]
[SourceVersion "1"]
[SourceVersionDate "2014.07.01"]
[SourceQuality "1"]

1. e4 c5 2. c3 d5 3. exd5 Qxd5 4. d4 Nf6 5. Nf3 e6 6. Be3 cxd4 7. Qxd4 Nc6 8. Qxd5 Nxd5 9. Bd4 a6 10. g3 b5 11. Bg2 Bb7 12. 0-0 Nxd4 13. Nxd4 Be7 14. Nd2 Rc8 15. a4 b4 16. c4 Bf6 17. N4b3 Bxb2 18. Rab1 Bc3 19. cxd5 Bxd5 20. Bxd5 exd5 21. Rbc1 0-0 22. Nb1 Bb2 23. Rxc8 Rxc8 24. Rd1 d4 25. Nxd4 Rd8 26. Kf1 Rxd4 27. Rxd4 Bxd4 28. Ke2 Kf8 29. f3 Bg1 30. h3 Ke7 31. Kd3 Bf2 32. g4 Kd6 33. Nd2 Kd5 34. Ne4 Bh4 35. Nd2 Bd8 36. Nc4 g6 37. Nd2 Ke5 38. Kc4 Be7 39. Kd3 Kf4 40. Ke2 Kg3 41. Ke3 Bg5+ 0-1

[Event "Reunion op 13th"]
[Site "St Denis"]
[Date "2011.10.02"]
[Round "2"]
[White "Andriandaza, Tombo Omar"]
[Black "Hoareau, Noe"]
[Result "1-0"]
[WhiteElo "1499"]
[BlackElo "1310"]
[PlyCount "63"]
[EventDate "2011.10.01"]
[EventType "swiss"]
[EventRounds "9"]
[EventCountry "RUF"]
[SourceTitle "EXT 2012"]
[Source "ChessBase"]
[SourceDate "2011.11.24"]
[SourceVersion "1"]
[SourceVersionDate "2011.11.24"]
[SourceQuality "1"]

1. e4 e6 2. d4 d5 3. exd5 exd5 4. c4 Nf6 5. Bg5 Be7 6. Nc3 c6 7. Be2 0-0 8. Nf3 Bg4 9. h3 Bxf3 10. Bxf3 dxc4 11. 0-0 Re8 12. Be2 b5 13. Bf3 h6 14. Bf4 Nbd7 15. Bxc6 Rc8 16. Bxb5 Qb6 17. Rb1 Bb4 18. Be3 Red8 19. Qa4 a5 20. a3 Bxc3 21. bxc3 Rc7 22. Bxd7 Qd6 23. Bf5 Qd5 24. Rb5 Qd6 25. g3 Nd5 26. Bd2 Ra7 27. Bb1 Re8 28. Rxd5 Qb8 29. Qxc4 Rae7 30. Re5 Rxe5 31. dxe5 Rxe5 32. Bf4 1-0